10 Największych miast Słowacji na Mapie - Statystyki

Ogólne statystyki
  • Ten quiz został rozwiązany 41 razy
  • Średni wynik to 7 z 10
Odpowiedzi na mapie
Odpowiedzi zakodowano w zielono-czerwonej skali na mapie do tego quizu, zgodnie z poniższymi procentami.
 
Statystyki odpowiedzi
Populacja Miasto % Poprawnych
480k Bratysława
100%
225k Koszyce
100%
80k Preszów
75%
80k Żylina
75%
75k Bańska Bystrzyca
68%
75k Nitra
68%
60k Trnawa
64%
50k Poprad
61%
55k Trenczyn
43%
50k Martin
21%
Nie znaleziono quizów pasujących do podanych kryteriów
Rozkład punktacji
Procent ludzi z każdym wynikiem
Percentyl według liczby udzielonych odpowiedzi
Twoja historia wyników
Nie rozwiązałeś tego quizu